Methods Of Test For Manually - Operated Sprayers (Record no. 2068)

MARC details
000 -LEADER
fixed length control field 00248nam a22001097a 4500
041 ## - LANGUAGE CODE
Language code of text/sound track or separate title ENG
245 ## - TITLE STATEMENT
Title Methods Of Test For Manually - Operated Sprayers
260 ## - PUBLICATION, DISTRIBUTION, ETC. (IMPRINT)
Place of publication, distribution, etc New Delhi
Name of publisher, distributor, etc BIs
Date of publication, distribution, etc 994
300 ## - PHYSICAL DESCRIPTION
Extent 09
650 ## - SUBJECT ADDED ENTRY--TOPICAL TERM
Topical term or geographic name as entry element BIS Code
856 ## - ELECTRONIC LOCATION AND ACCESS
Uniform Resource Identifier BIS Code
Holdings
Withdrawn status Lost status Source of classification or shelving scheme Damaged status Not for loan Home library Current library Shelving location Date acquired Cost, normal purchase price Total Checkouts Barcode Date last seen Price effective from Koha item type
    Dewey Decimal Classification     College of Agricultural Engineering and Technology, Dapoli , Library College of Agricultural Engineering and Technology, Dapoli , Library Book Cart 08/10/2021 230.00   005332 08/10/2021 08/10/2021 Books

Contact Us: College of Agricultural Engineering and Technology, Dapoli, Dist.- Ratnagiri
Website: https://dbskkv.org Email: caetlibrary2015@gmail.com